| 000 | 00753cam a22002293a 4500 | ||
|---|---|---|---|
| 001 | 11586 | ||
| 003 | PGUSA | ||
| 005 | 20140828083238.0 | ||
| 008 | 040301s2004||||xxu|||||s|||||000 | eng d | ||
| 040 |
_aPGUSA _beng |
||
| 042 | _adc | ||
| 050 | 4 | _aDH | |
| 100 | 1 | _aD'Awans, Robert | |
| 245 | 1 | 0 |
_aL'Ameublement de l'Hôtel de Pitsembourg au milieu du XVIIe siècle : _bCommunication faite en séance du 26 avril 1901 _h[electronic resource] / _cRobert D'Awans |
| 260 |
_bProject Gutenberg, _c2004 |
||
| 506 | _aPublic domain in the USA. | ||
| 516 | _aElectronic text | ||
| 653 | _aFurniture -- Private collections -- Belgium -- Inventories. | ||
| 830 | 0 |
_aProject Gutenberg _v11586 |
|
| 856 | 4 | 0 | _uhttp://www.gutenberg.org/ebooks/11586 |
| 942 | _cEB | ||
| 999 |
_c240841 _d240841 |
||